Ceny a hodnoty cenných papierov
Ceny a hodnoty cenných papierov v teórii. Pojmy. Vzťah hodnoty a ceny cenných papierov. Ceny a hodnoty vo vybraných právnych normách SR (zákon č. 566/2001 Z.z. a zákon č. 431/2002 Z.z.). Trhová cena, trhová hodnota. Ceny a hodnoty v medzinárodných štandardoch pre ohodnocovanie.
Saved in:
| Main Author: | |
|---|---|
| Format: | Book Chapter |
| Language: | Slovak |
| Subjects: | |
| Tags: |
No Tags, Be the first to tag this record!
|
MARC
| LEADER | 00000naa$a2200000$$$4500 | ||
|---|---|---|---|
| 001 | 0210184 | ||
| 005 | 20240502073511.3 | ||
| 041 | 0 | |a slo | |
| 044 | |a SK | ||
| 245 | 1 | 0 | |a Ceny a hodnoty cenných papierov |c Božena Hrvoľová |
| 520 | |a Ceny a hodnoty cenných papierov v teórii. Pojmy. Vzťah hodnoty a ceny cenných papierov. Ceny a hodnoty vo vybraných právnych normách SR (zákon č. 566/2001 Z.z. a zákon č. 431/2002 Z.z.). Trhová cena, trhová hodnota. Ceny a hodnoty v medzinárodných štandardoch pre ohodnocovanie. | ||
| 610 | 2 | 0 | |a papiere cenné |
| 610 | 2 | 0 | |a hodnota |
| 610 | 2 | 0 | |a hodnota trhová |
| 610 | 2 | 0 | |a ceny trhové |
| 610 | 2 | 0 | |a ceny |
| 610 | 2 | 0 | |a úpravy právne |
| 610 | 2 | 0 | |a Slovensko |
| 610 | 2 | 0 | |a štandardy ohodnocovacie medzinárodné |
| 100 | 1 | |a Hrvoľová, Božena | |